Kraje najbliższe Łotwy - Statystyki

Ogólne statystyki
  • Ten quiz został rozwiązany 263 razy
  • Średni wynik to 18 z 20
Statystyki odpowiedzi
km kraj % Poprawnych
190 Polska
100%
0 Rosja
100%
0 Estonia
99%
0 Litwa
99%
213 Finlandia
97%
497 Niemcy
97%
144 Szwecja
97%
726 Słowacja
95%
0 Białoruś
94%
677 Czechy
94%
599 Norwegia
94%
467 Ukraina
94%
385 Dania
89%
833 Węgry
86%
824 Rumunia
79%
862 Austria
78%
1073 Słowenia
71%
808 Mołdawia
70%
1102 Serbia
63%
942 Holandia
58%
Nie znaleziono quizów pasujących do podanych kryteriów
Rozkład punktacji
Procent ludzi z każdym wynikiem
Percentyl według liczby udzielonych odpowiedzi
Twoja historia wyników
Nie rozwiązałeś tego quizu